00490nam a22001697a 450000500170000001000150001702000260003203500140005803700090007208200080008110000170008924500570010626000500016327000620021330000220027550000230029720250617144338.0 aENG-145421 a9788128835995c237.00 aEN-128953 bDBAD a921 ak C Mahendra aBaba Ramdev:bResurgence of New India/cK C Mahendra aNEW Delhi bDiamond Pocket Book Pvt Ltdc2011 aX-30, Okhla Industrial Area, Phsae iibNew Delhi e110020 a403p.c22cm. (hb) aFreedom Movement-2